00210nam a22000977a 4500003000400000082001700004100001900021245003400040260003000074300000800104SGT a746.92bH12K aKNIGHT, LORNA  aHAND BOOK OF SEWING STITCHES  aS.A. bSEARCH PUB. c2012 a256